Kokoro : (Registro nro. 11134)

000 -CABECERA
campo de control de longitud fija 01899nam a2200397 a 4500
001 - NÚMERO DE CONTROL
campo de control 000083261
005 - FECHA Y HORA DE LA ÚLTIMA TRANSACCIÓN
campo de control 20200120224810.0
008 - DATOS DE LONGITUD FIJA--INFORMACIÓN GENERAL
campo de control de longitud fija 170802s2016 ck ||||er |000 ||spa d
020 ## - NÚMERO INTERNACIONAL ESTÁNDAR DEL LIBRO
Número Internacional Estándar del Libro 9788415979128
020 ## - NÚMERO INTERNACIONAL ESTÁNDAR DEL LIBRO
Número Internacional Estándar del Libro 9788415979128
043 ## - CÓDIGO DE ÁREA GEOGRÁFICA
Código de área geográfica a-ja---
043 ## - CÓDIGO DE ÁREA GEOGRÁFICA
Código de área geográfica s-ck---
045 ## - PERIODO DE TIEMPO DEL CONTENIDO
Código de periodo de tiempo a-ja---
082 04 - NÚMERO DE LA CLASIFICACIÓN DECIMAL DEWEY
Número de edición 21
090 ## - LOCALMENTE ASIGNADO TIPO-LC NÚMERO DE CLASIFICACIÓN (OCLC); NÚMERO DE CLASIFICACIÓN LOCAL (RLIN)
Número de clasificación (OCLC) (R) ; Numero de clasificación, CALL (RLIN) (NR) AN
Número cutter local (OCLC) ; Número de libro/Signatura topográfica íntegra, CALL (RLIN) NATk
100 1# - ENTRADA PRINCIPAL--NOMBRE DE PERSONA
Nombre de persona Natsume, Sōseki
Fechas asociadas al nombre 1867-1916
245 10 - MENCIÓN DE TÍTULO
Título Kokoro :
Resto del título Natsume Sōseki ; traducción del japonés: Yoko Ogihara, Fernando Cordobés ; introducción : Fernando Cordobés.
250 ## - MENCIÓN DE EDICIÓN
Mención de edición 1a. ed.
260 ## - PUBLICACIÓN, DISTRIBUCIÓN, ETC.
Lugar de publicación, distribución, etc. Bogotá :
Nombre del editor, distribuidor, etc. Siglo del Hombre,
Fecha de publicación, distribución, etc. 2016.
300 ## - DESCRIPCIÓN FÍSICA
Extensión 296 páginas.
500 ## - NOTA GENERAL
Nota general Natsume Sōseki es el seudónimo literario de Natsume Kinnosuke
502 ## - NOTA DE TESIS
Nota de tesis Tesis
520 3# - SUMARIO, ETC.
Sumario, etc. "Narra la historia de una amistad sutil y conmovedora entre dos personajes sin nombre, un joven y un enigmático anciano al que conocemos como «Sensei». Atormentado por trágicos secretos que han proyectado una larga sombra sobre su vida, Sensei se abre lentamente a su joven discípulo, confesando indiscreciones de sus días de estudiante que han dejado en él un rastro de culpa, y que revelan, en el abismo aparentemente insalvable de su angustia moral y su lucha por entender los misterios del amor y el destino, el profundo cambio cultural de una generación a la siguiente que caracterizó el Japón de principios del siglo XX."
521 ## - NOTA DE PÚBLICO DESTINATARIO
Nota de público destinatario Recomendado para adultos
534 ## - NOTA SOBRE LA VERSIÓN ORIGINAL
Mención de título del original Título original: Recomendado para adultos
650 14 - PUNTO DE ACCESO ADICIONAL DE MATERIA--TÉRMINO DE MATERIA
Término de materia o nombre geográfico como elemento de entrada Novela japonesa
650 24 - PUNTO DE ACCESO ADICIONAL DE MATERIA--TÉRMINO DE MATERIA
Término de materia o nombre geográfico como elemento de entrada Literatura japonesa
650 24 - PUNTO DE ACCESO ADICIONAL DE MATERIA--TÉRMINO DE MATERIA
Término de materia o nombre geográfico como elemento de entrada Jóvenes en la literatura
650 24 - PUNTO DE ACCESO ADICIONAL DE MATERIA--TÉRMINO DE MATERIA
Término de materia o nombre geográfico como elemento de entrada Ancianos en la literatura
650 24 - PUNTO DE ACCESO ADICIONAL DE MATERIA--TÉRMINO DE MATERIA
Término de materia o nombre geográfico como elemento de entrada Amistad en la literatura
650 24 - PUNTO DE ACCESO ADICIONAL DE MATERIA--TÉRMINO DE MATERIA
Término de materia o nombre geográfico como elemento de entrada Soledad en la literatura
650 24 - PUNTO DE ACCESO ADICIONAL DE MATERIA--TÉRMINO DE MATERIA
Término de materia o nombre geográfico como elemento de entrada Emociones en la literatura
650 24 - PUNTO DE ACCESO ADICIONAL DE MATERIA--TÉRMINO DE MATERIA
Término de materia o nombre geográfico como elemento de entrada Vida cotidiana en la literatura
700 1# - PUNTO DE ACCESO ADICIONAL--NOMBRE DE PERSONA
Nombre de persona Ogihara, Yoko
700 1# - PUNTO DE ACCESO ADICIONAL--NOMBRE DE PERSONA
Nombre de persona Cordobés, Fernando
Término indicativo de función/relación traductor
-- introducción
Existencias
Estado de retiro Estado de pérdida Fuente del sistema de clasificación o colocación Estado dañado No para préstamo Código de colección Localización permanente Ubicación/localización actual Fecha de adquisición Número de inventario Total de préstamos Renovaciones totales Signatura topográfica completa Código de barras Fecha visto por última vez Fecha del último préstamo Número de copia Precio válido a partir de Tipo de ítem Koha Nota pública
          Literatura Adulto Biblioteca Pública San Juan Bosco Biblioteca Pública San Juan Bosco 20/01/2020 NT 5 6 AN NATk MOS018659 02/02/2026 28/01/2026 ej.1 20/01/2020 Libro Literatura Quince días

© Todos los derechos reservados para la Biblioteca Pública Municipal San Juan Bosco, 2020
Secretaria de Cultura de Mosquera
Carrera 3 N° 10 Esquina Centro Cultural Barrio El Carmén Teléfono: 8270830 Ext: 34
Funcionando con KOHA
Contacto: Biblioteca Pública Municipal San Juan Bosco/ bibliotecasanjuanbosco@mosquera-cundinamarca.gov.co
Mosquera, Cundinamarca